| 000 -ლიდერი |
| ფიქსირებული სიგრძის საკონტროლო ველი |
00561nam a2200205Ia 4500 |
| 001 - საკონტროლო ნომერი |
| საკონტროლო ველი |
8740 |
| 003 - საკონტროლო ნომრის იდენტიფიკატორი |
| საკონტროლო ველი |
GE_BSU |
| 005 - ბოლო ოპერაციის თარიღი და დრო |
| საკონტროლო ველი |
20240603150906.0 |
| 008 - ფიქსირებული სიგრძის მონაცემთა ელემენტები - ზოგადი ინფორმაცია |
| ფიქსირებული სიგრძის საკონტროლო ველი |
181216s1982||||ge |||||||||||||| ||geo|| |
| 040 ## - კატალოგიზაციის წყარო |
| Transcribing agency |
GE_BSU |
| 041 ## - ენის კოდი |
| Language code of text/sound track or separate title |
geo |
| 080 ## - უნივერსალური ათობითი კლასიფიკაციის ინდექსი |
| Universal Decimal Classification number |
821.111-31 W-68 |
| 100 ## - მთავარი ჩანაწერი - პიროვნების სახელი |
| Personal name |
Wilde, Oscar |
| 9 (RLIN) |
22290 |
| 245 #4 - ცნობა სათაურის შესახებ |
| Title |
The Picture of Dorian Grau / |
| Statement of responsibility, etc |
Oscar Wilde ; Edited and with an intoduction by Richard Ellmann. |
| 264 ## - წარმოების, გამოცემის, დისტრიბუციის და სხვა ცნობები |
| გამოცემის, წარმოების, დისტრიბუციის... ადგილი |
1982 : |
| გამოცემის, წარმოების, დისტრიბუციის... სახელწოდება |
New York : |
| გამოცემის, წარმოების, დისტრიბუციის... თარიღი |
1982. |
| 300 ## - ფიზიკური აღწერა |
| Extent |
210 p. ; |
| Dimensions |
21 sm. |
| 653 ## - INDEX TERM--UNCONTROLLED |
| Uncontrolled term |
The Picture of Dorian Grau |
| 942 ## - ADDED ENTRY ELEMENTS (KOHA) |
| Koha item type |
წიგნი |
| Source of classification or shelving scheme |
|